000 01393nac a22003617a 4500
001 BR8100130
003 BR-BrBNA
005 20240105114900.0
008 230509b bl.|||m| |||| 00| 0 por d
040 _aBR-BrBNA
_bpor
_cBiblioteca Nacional de Agricultura
072 _aF00
090 _a1540 BR8100130
100 1 _aAndrade, E.B. de
100 1 _aFrazao, D.A.C.
110 1 _aCentro de Pesquisa Agropecuaria do Tropico Umido, Belem, PA (Brasil)
245 1 _aSistemas de producao em policultivo de mandioca, milho e caupi para a microrregiao Bragantina-Para [Pratica cultural; Manihot esculenta; Zea mays; Vigna unguiculata; Brasil]
246 1 _a[Production systems in polycropping of cassava, maize and cowpea for the microregion of Bragatina-Para [Cultural practice; Manihot esculenta; Zea mays; Vigna unguiculata; Brazil]]
260 3 _aBelem, PA (Brasil):
_c1980.
300 _a27 p.
490 _aCircular Tecnica - Centro de Pesquisa Agropecuaria do Tropico Umido (Brazil)
_vno. 4
_x
500 _a15 ref.; Summary (En, Pt)
650 _aPRODUCAO VEGETAL
650 _aMANDIOCA
650 _aMILHO
650 _aFEIJAO DE CORDA
650 _aPRATICA CULTURAL
650 _aSISTEMA DE PRODUCAO
650 _aCONSORCIACAO DE CULTURA
650 _aBRAGANTINA
650 _aPARA
909 _a202312
_bLúcia Elande
_c55
_dLúcia Elande
942 _2AGRIS
_n0
_cMS
999 _c271837
_d271837